00703naa#a2200169#i#4500001001600000005001700016011001400033100004100047102000700088200016600095210010300261215001000364608004500374675004400419700005200463856001800515RU\\bibl\10448320260703001424.5##a2227-1171##a20260630b2026####ek#y0rusy0150####ca##aRU1#aСОЦИАЛЬНАЯ ОБУСЛОВЛЕННОСТЬ КРИМИНАЛИЗАЦИИ ДЕЯНИЙ В СФЕРЕ ЭКОНОМИКИeЖурнальная статья1#aКазаньcКазанский юридический институт МВД Россииd2026##a6 с.##aЖурнальная статья2local##aУголовное право. 343.2/.7#1aДовганьgМаксим Андреевич4#avestnikkui.ru